5HLuxD.jpg

KING HENRY VIII SENIOR AND PRIMARY SCHOOL LIBRARY OPAC

Touching the void / (Record no. 2958)

000 -LEADER
fixed length control field 01074pam a22003491i 4500
001 - CONTROL NUMBER
control field 019042238
003 - CONTROL NUMBER IDENTIFIER
control field Uk
005 - DATE AND TIME OF LATEST TRANSACTION
control field 20241102141528.0
006 - FIXED-LENGTH DATA ELEMENTS--ADDITIONAL MATERIAL CHARACTERISTICS
fixed length control field m || d |
007 - PHYSICAL DESCRIPTION FIXED FIELD--GENERAL INFORMATION
fixed length control field cr |||||||||||
008 - FIXED-LENGTH DATA ELEMENTS--GENERAL INFORMATION
fixed length control field 180831s2018 enk o 000|d|eng|d
015 ## - NATIONAL BIBLIOGRAPHY NUMBER
National bibliography number GBB8G5358
Source bnb
020 ## - INTERNATIONAL STANDARD BOOK NUMBER
International Standard Book Number 9780571352241
037 ## - SOURCE OF ACQUISITION
Stock number Faber29779
Source of stock number/acquisition Ingram Content Group
040 ## - CATALOGING SOURCE
Original cataloging agency StDuBDS
Language of cataloging eng
Transcribing agency StDuBDS
Modifying agency Uk
-- KH8
Description conventions rda
-- pn
042 ## - AUTHENTICATION CODE
Authentication code ukblsr
082 04 - DEWEY DECIMAL CLASSIFICATION NUMBER
Classification number 822.92 GRE
Edition number 23
100 1# - MAIN ENTRY--PERSONAL NAME
Personal name Greig, David,
Relator term author.
245 10 - TITLE STATEMENT
Title Touching the void /
Statement of responsibility, etc. David Greig.
250 ## - EDITION STATEMENT
Edition statement Main
264 #1 - PRODUCTION, PUBLICATION, DISTRIBUTION, MANUFACTURE, AND COPYRIGHT NOTICE
Place of production, publication, distribution, manufacture London :
Name of producer, publisher, distributor, manufacturer Faber & Faber,
Date of production, publication, distribution, manufacture, or copyright notice 2018.
300 ## - PHYSICAL DESCRIPTION
Extent 105 pages ;
Dimensions 12.5 cm x 19.5 cm.
336 ## - CONTENT TYPE
Content type term text
Source rdacontent
337 ## - MEDIA TYPE
Media type term computer
Source rdamedia
338 ## - CARRIER TYPE
Carrier type term online resource
Source rdacarrier
588 ## - SOURCE OF DESCRIPTION NOTE
Source of description note Description based on CIP data; resource not viewed.
600 10 - SUBJECT ADDED ENTRY--PERSONAL NAME
Personal name Simpson, Joe,
Dates associated with a name 1960-
Form subdivision Drama.
650 #7 - SUBJECT ADDED ENTRY--TOPICAL TERM
Topical term or geographic name entry element PERFORMING ARTS / Theater / Playwriting
Source of heading or term bisacsh
700 1# - ADDED ENTRY--PERSONAL NAME
Personal name Simpson, Joe,
Dates associated with a name 1960-
Title of a work Touching the void.
776 08 - ADDITIONAL PHYSICAL FORM ENTRY
Relationship information Print version :
International Standard Book Number 9780571352241
942 ## - ADDED ENTRY ELEMENTS (KOHA)
Source of classification or shelving scheme
Koha item type Teaching Resources
Holdings
Withdrawn status Lost status Source of classification or shelving scheme Damaged status Not for loan Collection code Permanent Location Current Location Shelving location Date acquired Full call number Barcode Date last seen Price effective from Koha item type
          Teaching Resources KH8 Senior School Library KH8 Senior School Library Staff Office 2023-09-13 822.92 GRE TRKHSL003110 2023-09-13 2023-09-13 Teaching Resources

Powered By KH8 IT Dept